Understanding Organizational Behavior /

Bibliographic Details
Main Author: Nelson, Debra L, 1956- (Author)
Other Authors: Quick, James Campbell
Format: Book
Language:English
Edition:3rd Edition.
Subjects:
LEADER 01011cam a2200325 7i4500
001 0000024634
005 20200309090000.0
005 ##20200309092900.0
003 ##MY-KlINT
008 201511t20082008ohua g 001 0 eng d
020 # # |a 9780324423020  
020 # # |a 0324423020  
039 # 9 |a 202003090929  |b Amir  |c 202003041151  |d rozila  |y 201511041306  |z VLOAD 
040 # # |a ELMU 
082 0 0 |a 658.3 
090 0 0 |a 658.3   |b NEL 
100 1 # |a Nelson, Debra L,   |d 1956-   |e author 
245 1 0 |a Understanding Organizational Behavior /   |c DEBRA L. NELSON, JAMES CAMPBELL QUICK. 
250 # # |a 3rd Edition. 
264 # 0 |a OH, USA  |b SOUTH-WESTERN CENGAGE Learning  |c [2008] 
264 # 0 |c ♭2008, 2005 
300 # # |a xviii, 464 pages:   |b colour illustrations;   |c 26cm. 
336 # # |a text  |2 rdacontent 
337 # # |a unmediated  |2 rdamedia 
338 # # |a volume  |2 rdacarrier 
500 # # |a Includes index 
504 # # |a Bibliography: pages 438-464 
583 # # |a LULUS 
650 # 0 |a Organizational behavior  
700 0 # |a Quick, James Campbell